LIBRARY & INFORMATION CENTRE, KCAET, TAVANUR

ONLINE PUBLIC ACCESS CATALOGUE (OPAC)

Ghoshayathra Ottamthullal / (Record no. 5031)

MARC details
000 -LEADER
fixed length control field 00411cam a2200169ua 4500
041 ## - LANGUAGE CODE
Language code of text/sound track or separate title mal
082 ## - DEWEY DECIMAL CLASSIFICATION NUMBER
Classification number 894.8121
Item number SAN/GH
100 ## - MAIN ENTRY--AUTHOR NAME
Personal name Sandeepani, .
245 ## - TITLE STATEMENT
Title Ghoshayathra Ottamthullal /
260 ## - PUBLICATION, DISTRIBUTION, ETC. (IMPRINT)
Place of publication Kozhikode :
Name of publisher Touring book stall ,
Year of publication 1972.
300 ## - PHYSICAL DESCRIPTION
Number of Pages 146 ; .
942 ## - ADDED ENTRY ELEMENTS (KOHA)
Koha item type Books
Holdings
Withdrawn status Lost status Damaged status Home library Current library Date acquired Full call number Accession Number Koha item type
      KAUAET KAUAET 07/04/2012 894.8121 13331 Books
free website counter